00346nam a2200145Ia 4500003000400000005001700004008004100021040000700062041000800069082002100077100001600098245003000114260004300144300001300187OSt20230531114358.0210423s1990 xx 000 0 und d cAL aeng 223a294.3b AHID aAHIR (D C). aDhamma as by Dr Ambedkar. aNew DelhibDalit Sahitya Academyc1990 a3,30bPB